00225nam a2200097Ia 4500008004100000100001800041245003000059260001400089300000800103650001600111191201s2016 xx 000 0 und d aANAND KUMAR,A 0aDigital Signal Processing bPHIc2016 a968 aB.Tech(ECE)